| 000 | 00818nmm a2200277 a 4500 | ||
|---|---|---|---|
| 003 | AR-BaBNM | ||
| 005 | 20251128210608.0 | ||
| 008 | 180020s1997 ||||||||||||||000 | spa|| | ||
| 020 | _a0-8077-3662-7 | ||
| 040 | _cAR-BaBNM | ||
| 100 | 1 | _aAnyon, Jean | |
| 245 | 1 | 0 |
_aGhetto schooling _ba political economy of urban educational reform |
| 260 |
_aNew York _bTeachers College Press _c1997 |
||
| 300 | _axix, 216 p. | ||
| 500 | _aContiene referencias bibliográficas | ||
| 500 | _aContiene índice alfabético | ||
| 650 | 4 | _aREFORMA DE LA EDUCACION | |
| 650 | 4 | _aESTUDIOS DE CASOS | |
| 650 | 4 | _aEDUCACION URBANA | |
| 650 | 4 | _aHISTORIA DE LA EDUCACION | |
| 651 | 4 | _aEstados Unidos | |
| 653 | _aDISCRIMINACION EDUCATIVA | ||
| 700 | 1 |
_aWilson, William Julius _eprologuista |
|
| 942 | _cBK | ||
| 998 | _cRaquel | ||
| 999 |
_c16096 _d16096 |
||